| 000 | 00509nam a22001817a 4500 | ||
|---|---|---|---|
| 003 | OSt | ||
| 005 | 20180116183050.0 | ||
| 008 | 160811b xxu||||| |||| 00| 0 eng d | ||
| 020 | _a9780070435773 | ||
| 040 | _c0 | ||
| 082 | _a658.45 MON 2001 | ||
| 100 | _aMonippally , Matthukutty m. | ||
| 245 |
_aBusiness Communication Strategies _cMatthukutty M Monippally |
||
| 260 |
_aNew Delhi _bTata McGraw-Hill _c2001 |
||
| 300 |
_a258 p. _bPB |
||
| 440 | _aBusiness Communication Strategies | ||
| 942 |
_2ddc _cBK |
||
| 999 |
_c351604 _d351604 |
||